La universidad como institución de conocimiento : ¿una discusión pendiente en Chile? /

Docencia, investigación y extensión, han sido consideradas, a través del tiempo, las tres funciones más esenciales de toda institución universitaria. Este artículo propone, mediante el examen histórico y comparativo, un modelo de la universidad como “Institución del Conocimiento”, cuyas funciones se...

Descripción completa

Detalles Bibliográficos
Autor principal: Castro, Abelardo
Formato: Analitica de revista
Lenguaje:español
Publicado: Santiago, Chile CSE 2004

MARC

LEADER 00000cab a2200000 a 4500
001 026771
003 UAHC_CL
005 20180816115318.0
008 051221b xx j 000 1 spa
952 |0 0  |1 0  |2 ddc  |4 0  |6 CALID___EDUC__20_04_000000000000000  |7 0  |8 COMP  |9 53673  |a BC  |b BC  |c General  |d 2017-08-03  |l 0  |o CALID. EDUC. -20/04  |r 2018-01-17 00:00:00  |w 2017-08-03  |y REVA 
999 |c 26771  |d 26771 
040 |a UAHC_CL  |c UAHC_CL  |d UAHC_CL 
100 1 |a Castro, Abelardo 
245 1 3 |a La universidad como institución de conocimiento :  |b ¿una discusión pendiente en Chile? /  |c Abelardo Castro. 
260 |b CSE  |c 2004  |a Santiago, Chile 
300 |a pp. 19-36 
520 |a Docencia, investigación y extensión, han sido consideradas, a través del tiempo, las tres funciones más esenciales de toda institución universitaria. Este artículo propone, mediante el examen histórico y comparativo, un modelo de la universidad como “Institución del Conocimiento”, cuyas funciones serían la generación, transferencia y gestión del mismo. Analiza la manera como se están dando estas funciones en las universidades chilenas y avanza hacia cómo debieran darse en una sociedad como la actual, caracterizada por la globalidad y el predominio del mercado. Muestra las inconsecuencias que se dan en el actual esquema de incentivo y financiamiento en Chile, particularmente las que tienen efecto en el rol de la universidad en la sociedad, y apunta a algunas soluciones que podrían producir el tipo de universidad que queremos para el país. 
773 0 |t Calidad en la educación.  |w 026760 
900 |a CALID. EDUC. -20/04 
942 |c REVA  |2 ddc